Schiavi e padroni nell' Etruria romana: la villa di Settefinestre dallo scavo alla mostra
Gorde:
| Egile Nagusiak: | , |
|---|---|
| Formatua: | Liburua |
| Hizkuntza: | italiera |
| Argitaratua: |
Bari
De Donato
1979
|
| Edizioa: | 1a. ed |
| Gaiak: | |
| Etiketak: |
Etiketa erantsi
Etiketarik gabe, Izan zaitez lehena erregistro honi etiketa jartzen!
|
MARC
| LEADER | 00000cam a2200000 a 4500 | ||
|---|---|---|---|
| 001 | UCD9066 | ||
| 003 | CL-VaPUC | ||
| 008 | 170602e19790000it |||||||||||||||||ita|d | ||
| 082 | 0 | 4 | |a 937 |b CAR |2 21 |
| 100 | 0 | |a Carandini, Andrea |e author |9 592741 | |
| 700 | 0 | |a Settis, Salvatore |e author |9 592742 | |
| 245 | 1 | 0 | |a Schiavi e padroni nell' Etruria romana: la villa di Settefinestre dallo scavo alla mostra |
| 250 | |a 1a. ed | ||
| 300 | |a 136 p | ||
| 942 | |c BK | ||
| 945 | |d 20170602 23:29:00 |a dcastane | ||
| 260 | |a Bari |b De Donato |c 1979 | ||
| 650 | 0 | |a Historia antigua |9 267521 | |
| 650 | 0 | |a Etruscos |9 267523 | |
| 651 | 7 | |a ETRURIA |2 CL-VaPUC |9 357601 | |
| 583 | |a last modification |c 20170602 23:29:00 |k Rodrigo Vera | ||
| 999 | |c 368361 |d 368359 | ||
| 952 | |0 0 |1 0 |3 erd |4 0 |6 937_000000000000000_CAR_1979 |7 0 |8 A |9 483656 |a FDOLAF |b FDOLAF |e Laffi, Umberto, 1939- |i 5394422 |o 937 CAR 1979 |p 5394422 |r 2024-01-30 |w 2019-11-24 |y BK |z Catalogado en:20170602 |k LAF | ||